000 00640nam a2200181 a 4500
001 000035477
005 20200930074354.0
008 111101s1995 sp 000 0 spa d
020 _a958043199x
040 _aDO-SdBNP
_bspa
_cBNPHU
082 _axxxx
_bxxxx
100 1 _aChampy, James
_961345
245 1 0 _aReingeniería en la gerencia :
_bcómo modificar el trabajo gerencial para rediseñar con éxito /
_cJames Champy ; traducción Jorge Cárdenas Nannetti.
260 _aBarcelona, :
_bNorma,
_c1995.
300 _a244 p. ;
_c23 cm.
504 _aIncluye notas al pie de las páginas
700 1 _aCárdenas Nannetti, Jorge,
_etr.
_942922
999 _c34968
_d34968